| 000 | 00415nam a2200157Ia 4500 | ||
|---|---|---|---|
| 008 | 231217s9999 xx 000 0 und d | ||
| 020 | _a81-8128-080-6 | ||
| 041 | _aEnglish | ||
| 082 | _a001.6424C FRA;3 | ||
| 100 | _aFraser, Stephen R. G | ||
| 245 | 0 | _aManaged C++ and .net development | |
| 260 |
_c2003 _bSpringer _aNew Delhi |
||
| 300 | _axxiv+951 | ||
| 650 | _aManaged,C++,.net,development | ||
| 942 | _cAA | ||
| 999 |
_c177372 _d177372 |
||